LEADER 01349cam0-22005171i-450- 001 990003177910403321 005 20130404104516.0 035 $a000317791 035 $aFED01000317791 035 $a(Aleph)000317791FED01 035 $a000317791 100 $a20030910d1967----km-y0itay50------ba 101 1 $aita 102 $aIT 105 $aa-------001yy 200 1 $a<>reddito nazionale$fCharles L. Schultze 210 $aBologna$cil Mulino$dc1967 215 $a186 p.$cill.$d21 cm 225 1 $a<>nuova scienza$iFondamenti di economia 454 0$1001000313984 610 0 $aReddito nazionale 610 0 $aReddito nazionale 610 0 $aEconomia 676 $a339 676 $aF/2.1 676 $a050.020 700 1$aSchultze,$bCharles Louis$0373618 801 0$aIT$bUNINA$gRICA$2UNIMARC 901 $aBK 912 $a990003177910403321 952 $aF/2.1 SCH$b1613/I$fSES 952 $aC 551$bs.i.$fDSS 952 $aXV G 39$b369$fDTE 952 $a050.020.SCH$b3052$fDECGE 952 $a9-1-5-TI$b3220$fECA 952 $a17-361-TB$bTB$fECA 952 $aSCH339A$bB041033$fDECBC 952 $aISVE H6/20$b627$fDECTS 959 $aSES 959 $aDTE 959 $aDECGE 959 $aECA 959 $aDECBC 959 $aDECTS 996 $aReddito nazionale$9107002 997 $aUNINA LEADER 03143oam 2200853M 450 001 9910783155103321 005 20231002174258.0 010 $a1-135-36247-5 010 $a1-135-36248-3 010 $a1-280-11205-0 010 $a9786610112050 010 $a0-203-98135-9 024 3 $a9780203981351 035 $a(CKB)1000000000007776 035 $a(EBL)235388 035 $a(OCoLC)456027721 035 $a(SSID)ssj0000310974 035 $a(PQKBManifestationID)11264597 035 $a(PQKBTitleCode)TC0000310974 035 $a(PQKBWorkID)10315579 035 $a(PQKB)11432258 035 $a(SSID)ssj0000284676 035 $a(PQKBManifestationID)11248325 035 $a(PQKBTitleCode)TC0000284676 035 $a(PQKBWorkID)10261996 035 $a(PQKB)11775585 035 $a(MiAaPQ)EBC235388 035 $a(Au-PeEL)EBL235388 035 $a(CaPaEBR)ebr10017285 035 $a(CaONFJC)MIL11205 035 $a(OCoLC)824529568 035 $a(OCoLC)1048184739 035 $a(OCoLC-P)1048184739 035 $a(FlBoTFG)9780203981351 035 $a(EXLCZ)991000000000007776 100 $a20071003j19980929 ky 0 101 0 $aeng 135 $aur|n||||||||| 181 $ctxt$2rdacontent 182 $cc$2rdamedia 183 $acr$2rdacarrier 200 10$aTales of dark-skinned women $erace, gender and global culture /$fGargi Bhattacharyya 210 $aNew York $cRoutledge$dSept. 1998 215 $a1 online resource (ix, 390 pages) 225 1 $aRace and representation 311 0 $a1-138-14223-9 311 0 $a1-85728-612-X 320 $aIncludes bibliographical references (p. [355]-382) and index. 327 $aBook Cover; Title; Contents; Series editor's preface; Acknowledgements; Beginning; The next few stories; The model's tale; The sportswoman's tale; The newsreader's tale; The entertainer's tale; Bibliography; Index 330 8 $aAnnotation$bExploring the way race and gender are portrayed in popular culture, this text focuses on the representation of black women. It incorporates a discussion of the politics of representation in Britain and North America, and the shift from negative stereotypes to positive images to postmodern knowingness. The author pays particular attention to the reach of various race/gender literacies, most notably the impact of North American racial discourse on British conceptions of Asian and Afro-Caribbean femininity. 410 0$aRace and representation. 606 $aRace relations 606 $aEast and West 606 $aWomen, Black 606 $aMinority women 606 $aWhite people 606 $aSex role 606 $aCulture 615 0$aRace relations. 615 0$aEast and West. 615 0$aWomen, Black. 615 0$aMinority women. 615 0$aWhite people. 615 0$aSex role. 615 0$aCulture. 676 $a305.488 676 $a305.48896 700 $aBhattacharyya$b Gargi$f1964-$01482200 801 0$bOCoLC-P 801 1$bOCoLC-P 906 $aBOOK 912 $a9910783155103321 996 $aTales of dark-skinned women$93699653 997 $aUNINA LEADER 02368oas 2200889 a 450 001 9910143159103321 005 20260203110040.0 011 $a1555-1423 035 $a(DE-599)ZDB2211792-1 035 $a(OCoLC)58471650 035 $a(CONSER) 2005212199 035 $a(CKB)1000000000044527 035 $a(DE-599)2211792-1 035 $a(EXLCZ)991000000000044527 100 $a20050315a20069999 sy a 101 0 $aeng 135 $aurcnu|||||||| 181 $ctxt$2rdacontent 182 $cc$2rdamedia 183 $acr$2rdacarrier 200 10$aJournal of computational and nonlinear dynamics 210 $aNew York, N.Y. $cAmerican Society of Mechanical Engineers$dİ2006- 300 $aRefereed/Peer-reviewed 311 08$a1555-1415 606 $aDynamics$vPeriodicals 606 $aNonlinear theories$vPeriodicals 606 $aMachinery, Dynamics of$vPeriodicals 606 $aDynamique$vPe?riodiques 606 $aDynamique des machines$vPe?riodiques 606 $aThe?ories non line?aires$vPe?riodiques 606 $aDynamics$2fast$3(OCoLC)fst00900295 606 $aMachinery, Dynamics of$2fast$3(OCoLC)fst01005104 606 $aNonlinear theories$2fast$3(OCoLC)fst01038812 608 $aPeriodicals.$2fast 608 $aPeriodicals.$2lcgft 615 0$aDynamics 615 0$aNonlinear theories 615 0$aMachinery, Dynamics of 615 6$aDynamique 615 6$aDynamique des machines 615 6$aThe?ories non line?aires 615 7$aDynamics. 615 7$aMachinery, Dynamics of. 615 7$aNonlinear theories. 676 $a621 712 02$aAmerican Society of Mechanical Engineers 801 0$bNSD 801 1$bNSD 801 2$bNSD 801 2$bSBH 801 2$bNSD 801 2$bCFI 801 2$bTXA 801 2$bOCLCQ 801 2$bHEBIS 801 2$bOCLCQ 801 2$bBUF 801 2$bOCLCF 801 2$bOCLCO 801 2$bOCLCQ 801 2$bAU@ 801 2$bNJT 801 2$bBWN 801 2$bOCLCQ 801 2$bNBS 801 2$bU3W 801 2$bOCLCQ 801 2$bOCLCL 801 2$bUAB 801 2$bKIJ 801 2$bLIP 801 2$bADU 801 2$bOCLCQ 906 $aJOURNAL 912 $a9910143159103321 996 $aJournal of computational and nonlinear dynamics$9793757 997 $aUNINA